Spoznávajme našu históriu: Stredoveké súdnictvo

Bibliographic Details
Main Author: Makarová, Soňa (Author)
Format: Article
Language:Slovak
Subjects:

MARC

LEADER 00000nab a2200000 a 4500
001 vtls000927401
003 SK-MaSNL
005 20260303033403.0
008 040720e20010803xo 0 slo
035 |a KE36278 
040 |a KEVKJB  |b slo  |c KEVKJB  |e AACR2 
041 0 |a slo 
044 |a xo  |c SK 
080 |a 343.1"14/16"(091)  |2 1981 
100 1 |a Makarová, Soňa  |4 aut  |9 429760 
245 1 0 |a Spoznávajme našu históriu: Stredoveké súdnictvo 
650 0 7 |a súdnictvo stredoveké  |2 KEVKJB  |9 1017062 
650 0 7 |a dejiny  |2 KEVKJB  |9 3825 
651 7 |a Košice (Slovensko)  |2 KEVKJB  |9 18694 
651 7 |a KE,  |2 KEVKJB  |9 877256 
655 7 |a periodikum  |2 snkbucl  |9 29553 
773 0 8 |t Sme  |g Roč. 9, č.176, 3.8.2001, s. 1 
773 0 8 |i Príl.:  |t Východ, r.1, č.22, 3.8.2001, s.1. 
852 |a ZVYKNI  |b KIS3GCP 
999 |c 1669821  |d 1671751